000 00464nam a2200145Ia 4500
008 220216s9999 xx 000 0 und d
100 _aKucherskii A M
245 0 _aNew method for studying the penetration of the solvent into the free volume of vulcanised rubbers during swelling
260 _bInternational Polymer Science and Technology
_c2001
300 _a24-26
650 _aPenetration
650 _aSolvent
650 _aVulcanised rubbers
942 _cJS
999 _c63845
_d63845